Estudio del hombre
Salvato in:
| Autore principale: | |
|---|---|
| Natura: | Libro |
| Lingua: | spagnolo |
| Pubblicazione: |
Ciudad de México
Fondo de Cultura Económica
1942
|
| Soggetti: | |
| Tags: |
Aggiungi Tag
Nessun Tag, puoi essere il primo ad aggiungerne!!
|
MARC
| LEADER | 00000nam a2200000 a 4500 | ||
|---|---|---|---|
| 001 | UCW2290 | ||
| 003 | CL-VaPUC | ||
| 008 | 881007e19420000MX |||||||||||||||||spa|d | ||
| 082 | 0 | 4 | |a 301 |b LIN |2 21 |
| 100 | |a Linton, Ralph |e autor |9 535733 | ||
| 245 | 1 | 0 | |a Estudio del hombre |
| 300 | |a 486 p | ||
| 942 | |c BK | ||
| 945 | |d 19881007 00:00:00 | ||
| 260 | |a Ciudad de México |b Fondo de Cultura Económica |c 1942 | ||
| 650 | 0 | |a Antropología cultural y social |9 265143 | |
| 583 | |a last modification |c 19881007 00:00:00 |k Rodrigo Vera | ||
| 999 | |c 216853 |d 216851 | ||
| 952 | |0 0 |1 0 |4 0 |6 301_000000000000000_LIN_1942 |7 0 |8 P |9 203220 |a BIBEDU |b BIBEDU |c BIBEDU_PB |d 2019-11-15 |i 1550403 |o 301 LIN 1942 |p 1550403 |r 2024-01-25 |w 2019-11-15 |y BK |k EDU | ||